00774nam a2200241Ia 4500003000400000005001700004008004100021020001800062040001800080041000800098082002500106245006500131250001200196260005600208300002400264650004700288650004400335650005300379700002100432700002100453700002900474700002900503OSt20250117110032.0210427s2010 xx 000 0 und d a9788122405415 cAIMIT LIBRARY aeng a001.072519521bGHOA aStatistics and probability /cEdited by J K Ghosh...[et.al]. a1st ed. aNew Delhi :bNew Age International Pvt Ltd ,c2010. axii,564p. ;bHBcHB aSharp probability bounds for ito processes aEstimating a sequence from noisy copies aThe metaplectic representation in the fock model aGhosh, J K., ed. aMitra, S K., ed. aParthasarathy, K R., ed. aRao, B L S Prakasa., ed.